000
00275nam a2200109Ia 4500
008
190216s9999||||xx |||||||||||||| ||und||
100
_a
Nijalay Ivanov
245
0
_a
Karal Max Legu Jeeva Charithram
260
_b
Y F Runov At Soviet
650
_a
Jeeva Charithram
942
_c
BK
999
_c
25515
_d
25515